Abstract Algebra: Third Edition /
Salvato in:
| Autori principali: | , |
|---|---|
| Altri autori: | , |
| Natura: | Libro |
| Lingua: | inglese |
| Pubblicazione: |
Indianapolis:
Wiley,
2004
|
| Edizione: | 3. vyd. |
| Tags: |
Nessun Tag, puoi essere il primo ad aggiungerne!!
|
MARC
| LEADER | 00000nam a22000003a 4500 | ||
|---|---|---|---|
| 001 | 0009943 | ||
| 003 | SK-STU | ||
| 005 | 20151208101619.3 | ||
| 007 | ta | ||
| 008 | 151208s ----xo-----e------000-0-----d | ||
| 020 | |a 978-0-471-43334-7 | ||
| 040 | |a STU |b slo | ||
| 041 | 0 | |a eng |h eng | |
| 044 | |a xxu | ||
| 100 | 1 | |a Summit, David S. |r Z6 |4 aut | |
| 245 | 1 | 0 | |a Abstract Algebra: |b Third Edition / |c aut. David S Summit, Richard M Foote ; ed. Jennifer Battista, Ken Santor |
| 250 | |a 3. vyd. | ||
| 260 | |a Indianapolis: |b Wiley, |c 2004 | ||
| 300 | |a 932 s. | ||
| 700 | 1 | |a Foote, Richard M. |r Z6 |4 aut | |
| 700 | 1 | |a Battista, Jennifer |r Z6 |4 edt | |
| 700 | 1 | |a Santor, Ken |r Z6 |4 edt | |
| 996 | |c V* 52280/O-23437 |l VV11 |s P |a 0 |w 0009943_0001 | ||